000 00378cam a2200157ua 4500
003 OSt
008 250802b |||||||| |||| 00| 0 eng d
041 _aeng
082 _a624.183414
_bGLO/ST
100 _aGlover, C.W .
_97641
245 _aStructural precast concrete /
250 _a1 /
260 _a :
_bAsia Publishing House ,
_c1965.
300 _a664 ; .
942 _cBK
999 _c1584
_d1584